|
|
|
|
| LEADER |
00000cam a2200000 7i4500 |
| 001 |
0000001093 |
| 005 |
20131222.0 |
| 020 |
0 |
0 |
|a 0804832358
|
| 090 |
0 |
0 |
|a 222.095
|b RIE 1998
|
| 100 |
1 |
0 |
|a RIES
|h Philippe
|
| 245 |
1 |
0 |
|a Asian storm :
|b The economic crisis examined
|c Philippe Riès ; translated by Peter Starr
|
| 260 |
0 |
0 |
|a Boston, MA :
|b Tuttle Pub ,
|c 2000
|
| 300 |
|
|
|a xii, 273 p. ;
|c 24 cm.
|
| 650 |
0 |
0 |
|a Financial crises
|z Asia
|
| 650 |
0 |
0 |
|a International finance
|
| 651 |
0 |
0 |
|a Asia
|x Economic conditions
|y 1945-
|
| 651 |
0 |
0 |
|a Asia
|x Foreign economic relations
|
| 700 |
0 |
1 |
|a Starr
|h Peter
|
| 998 |
|
|
|a JPSM
|
| 999 |
|
|
|a 0000002357
|b Monograph
|c Open Shelf
|e Default branch
|